| 000 | 00539nam a2200193 i 4500 | ||
|---|---|---|---|
| 001 | 97195 | ||
| 003 | ES-MaACL | ||
| 005 | 20230906182046.0 | ||
| 007 | t| | ||
| 008 | 050707s1928 cu ||||1| spa d | ||
| 100 | 1 |
_aMañach, Jorge ( _d1898-1961) _976248 |
|
| 245 | 1 | 0 |
_aIndagación del choteo / _cJorge Mañach. |
| 260 |
_aLa Habana : _bHermes, _c1928. |
||
| 300 |
_a88 p. ; _c17 cm. |
||
| 650 | 4 |
_aCubanos- _xPsicología. _9161896 |
|
| 650 | 4 |
_aHumor- _zCuba. _9161897 |
|
| 650 | 4 |
_aChoteo (Vocablo) _9161898 |
|
| 852 |
_aES-MaACL _jB-6123 |
||
| 999 |
_c97195 _d97195 |
||